Score 0/13 Timer 04:00
0 Plays Today
% Correct
The Spook's Revenge
100%
Spook's: I Am Grimalkin
68.8%
The Spook's Blood
68.8%
The Spook's Apprentice
62.5%
Spook's: Alice
62.5%
The Spook's Curse
56.3%
Spook's: Slither's Tale
56.3%
The Spook's Secret
50%
The Spook's Battle
50%
The Spook's Nightmare
43.8%
The Spook's Destiny
43.8%
The Spook's Mistake
37.5%
The Spook's Sacrifice
37.5%
Remove Ads.
Support Sporcle.
Get the best of Sporcle when you Go Orange. This ad-free experience offers more features, more stats, and more fun while also helping to support Sporcle. Thank you for becoming a member.

You're not logged in!

Compare scores with friends on all Sporcle quizzes.
OR
Log In

Sporcle TV

Today on Sporcle TV


Watch our educational content, quiz creation guides, and fun videos on Sporcle TV.

Show Comments

Extras

Top Quizzes Today


Score Distribution

Paid Content

Your Account Isn't Verified!

In order to create a playlist on Sporcle, you need to verify the email address you used during registration. Go to your Sporcle Settings to finish the process.

Report this User

Report this user for behavior that violates our Community Guidelines.

Details: